| 000 | 00398nam a2200157Ia 4500 | ||
|---|---|---|---|
| 008 | 231217s9999 xx 000 0 und d | ||
| 041 | _aEnglish | ||
| 082 | _a621.381958 BAR;31 | ||
| 100 | _aBartee, Thomas C | ||
| 245 | 0 | _aDigital computer fundamentals | |
| 250 | _a6th ed. | ||
| 260 |
_c1985 _bTata McGraw-Hill _aNew Delhi |
||
| 300 | _axii+610 | ||
| 650 | _aDigital,computer | ||
| 942 | _cAA | ||
| 999 |
_c173316 _d173316 |
||